Палеогеоморфология и структурная геоморфология Урала и Приуралья

Bibliographische Detailangaben
Körperschaft: Академия наук СССР Башкирский филиал Институт геологии
Weitere Verfasser: Сенченко Г. С. (редактор)
Sprache:Russisch
Veröffentlicht: Уфа, [Б. и.], 1979
Schlagworte:
Format: MixedMaterials Buch
KOHA link:https://koha.lib.tpu.ru/cgi-bin/koha/opac-detail.pl?biblionumber=363538

MARC

LEADER 00000nam0a2200000 4500
001 363538
005 20231102011611.0
035 |a (RuTPU)RU\TPU\retro\20885 
090 |a 363538 
100 |a 20211004d1979 km y0rusy50 ca 
101 0 |a rus 
102 |a RU 
105 |a a z 001zy 
200 1 |a Палеогеоморфология и структурная геоморфология Урала и Приуралья  |f Академия наук СССР, Башкирский филиал, Институт геологии ; под ред. Г. С. Сенченко 
210 |a Уфа  |c [Б. и.]  |d 1979 
215 |a 78 с.  |c ил. 
320 |a Библиогр. в конце ст. 
606 1 |a Палеогеография  |2 stltpush  |3 (RuTPU)RU\TPU\subj\47964  |9 66847 
606 1 |a Геоморфология  |2 stltpush  |3 (RuTPU)RU\TPU\subj\6207  |9 34142 
610 1 |a палеогеоморфология 
610 1 |a Урал 
610 1 |a Приуралье 
610 1 |a рельеф 
610 1 |a рельефообразующие процессы 
610 1 |a мезозой 
610 1 |a кайнозой 
610 1 |a неотектоника 
675 |a 551.8  |v 4 
675 |a 551.4  |v 4 
702 1 |a Сенченко  |b Г. С.  |4 340 
712 0 2 |a Академия наук СССР  |b Башкирский филиал  |b Институт геологии  |c (Уфа)  |c (1968-1988)  |2 stltpush  |3 (RuTPU)RU\TPU\col\10647  |9 24892 
801 1 |a RU  |b 63413507  |c 20211004 
942 |c BK